Statistics for Top 50 Best Hip Hop Albums of All Time

Click here to take the quiz!

General Stats

  • This quiz has been taken 146 times
  • The average score is 17 of 50

Answer Stats

NOYEARARTISTALBUM% Correct
22015Kendrick LamarTo Pimp A Butterfly
92%
11994NasIllmatic
89%
102004Kanye WestThe College Dropout
87%
61992Dr DreThe Chronic
85%
91988N.W.A.Straight Outta Compton
81%
41994Notorious B.I.GReady to Die
75%
52004MadvillainMadvillainy
74%
31993Wu-Tang ClanEnter the Wu-Tang: 36 Chambers
72%
121998Lauryn HillThe Miseducation of Lauryn Hill
72%
719962PacAll Eyez On Me
70%
82000EminemThe Marshall Mathers LP
70%
18200350 CentGet Rich or Die Tryin'
66%
141993Snoop DoggDoggystyle
63%
362000OutkastStankonia
60%
151996Jay-ZReasonable Doubt
50%
311991A Tribe Called QuestThe Low End Theory
49%
252003OutkastSpeakerboxx/The Love Below
46%
111995Mobb DeepThe Infamous
46%
191999Mos DefBlack on Both Sides
41%
161987Eric B & RakimPaid in Full
40%
131993A Tribe Called QuestMidnight Marauders
38%
292005CommonBe
34%
171988Public EnemyIt Takes a Nation of Millions To Hold Us Back
34%
201996FugeesThe Score
34%
221989De La Soul3 Feet High and Rising
26%
211995RaekwonOnly Built 4 Cuban Linx...
25%
272000Ghostface KillahSupreme Clientele
24%
241989Beastie BoysPaul's Boutique
23%
231991Ice CubeDeath Certificate
22%
502006Lupe FiascoFood & Liquor
18%
261984Run DMCRun DMC
18%
351996DJ ShadowEndtroducing.....
16%
331998Gang StarrMoment of Truth
16%
321998Big PunCapital Punishment
15%
281991Cypress HillCypress Hill
13%
441995Ol' Dirty BastardReturn to the 36 Chambers
11%
301995The PharcydeLabcabincalifornia
10%
341988EPMDStrictly Business
7%
381987Boogie Down ProductionsCriminal Minded
6%
371992Pete Rock & CL SmoothMecca and the Soul Brother
6%
432002ScarfaceThe Fix
5%
412003Dizzee RascalBoy in da Corner
3%
481998Jurassic 5Jurassic 5
3%
421988Slick RickThe Great Adventures of Slick Rick
3%
452002BlackaliciousBlazing Arrow
2%
461999Roots ManuvaBrand New Second Hand
2%
391988Ultramagnetic MCsCritical Breakdown
2%
492000Dead PrezLet's Get Free
2%
471994Jeru the DamajaThe Sun Rises in the East
2%
401990Kool G. Rap & DJ PoloWanted: Dead or Alive
2%

Score Distribution

Percentile by Number Answered

Percent of People with Each Score

Your Score History

You have not taken this quiz